[Event "Muensterland Regionalliga 2526"]
[Site "Germany"]
[Date "2026.05.09"]
[Round "9"]
[Board "5"]
[White "Hemmers, Dieter"]
[Black "Farwick, Christian"]
[Result "1-0"]
[WhiteElo "1778"]
[BlackElo "1851"]
[WhiteFideId "-1"]
[BlackFideId "-1"]
[PlyCount "79"]
[GameId "2315516184370164"]
[EventDate "2025.??.??"]
[EventType "team-tourn"]
[EventRounds "9"]
[EventCountry "GER"]
[SourceTitle "Verband Muensterland"]
[SourceDate "2025.09.21"]
[SourceVersion "1"]
[SourceVersionDate "2025.09.21"]
[SourceQuality "1"]
[WhiteTeam "Emsdetten Rochade"]
[BlackTeam "Borken"]
[WhiteTeamCountry "GER"]
[BlackTeamCountry "GER"]

1. e4 c5 2. a3 e6 3. b4 cxb4 4. axb4 Bxb4 5. Bb2 Nf6 6. e5 Nd5 7. c4 Ne7 8. Nc3 Nbc6 9. f4 Nf5 10. Nf3 O-O 11. Bd3 Ncd4 12. O-O Bc5 13. Kh1 a5 14. Ng5 h6 15. Nge4 b6 16. Nxc5 bxc5 17. Ne4 Qb6 18. Ba3 Qb3 19. Nxc5 Qxd1 20. Rfxd1 Rd8 21. Be4 Ra7 22. Bb2 d6 23. Nd3 Nb3 24. Ra3 Nc5 25. Bxf5 exf5 26. exd6 Ne4 27. c5 Be6 28. Bd4 Raa8 29. Be3 Rdb8 30. Ne5 Rc8 31. d4 f6 32. Ng6 Kf7 33. Ne7 Rcb8 34. d5 Bd7 35. Nc6 Rb5 36. Rc1 Rc8 37. Na7 Nxd6 38. Nxb5 Nxb5 39. Rxa5 Re8 40. Bg1 1-0

[Event "Muensterland Regionalliga 2526"]
[Site "Germany"]
[Date "2026.05.09"]
[Round "9"]
[Board "6"]
[White "Schmidt, Sebastian"]
[Black "Hussein, Zaman"]
[Result "1-0"]
[WhiteElo "1754"]
[BlackElo "1746"]
[WhiteFideId "-1"]
[BlackFideId "-1"]
[PlyCount "73"]
[GameId "2315516184419318"]
[EventDate "2025.??.??"]
[EventType "team-tourn"]
[EventRounds "9"]
[EventCountry "GER"]
[SourceTitle "Verband Muensterland"]
[SourceDate "2025.09.21"]
[SourceVersion "1"]
[SourceVersionDate "2025.09.21"]
[SourceQuality "1"]
[WhiteTeam "Borken"]
[BlackTeam "Emsdetten Rochade"]
[WhiteTeamCountry "GER"]
[BlackTeamCountry "GER"]

1. e4 c5 2. Nf3 d6 3. c3 e6 4. d4 cxd4 5. cxd4 Nf6 6. Nc3 Be7 7. Qb3 Nbd7 8. Bd3 a6 9. a4 O-O 10. O-O b6 11. h3 Bb7 12. Be3 Rc8 13. Nd2 e5 14. d5 Qc7 15. Rac1 Nc5 16. Qc2 a5 17. Bb5 Nfd7 18. g4 Ba6 19. Nb3 Bxb5 20. Nxb5 Qb8 21. Nxc5 bxc5 22. b3 Qb6 23. Qd3 Nb8 24. Kg2 Na6 25. f4 f6 26. Rf3 Nc7 27. Na3 Rb8 28. Bd2 Ra8 29. Nc4 Qa6 30. fxe5 fxe5 31. Nxa5 Qb6 32. Nc6 Bh4 33. Rcf1 Ne6 34. dxe6 Rxf3 35. Rxf3 Qxc6 36. Qd5 Qe8 37. e7+ 1-0

[Event "Muensterland Regionalliga 2526"]
[Site "Germany"]
[Date "2026.05.09"]
[Round "9"]
[Board "7"]
[White "Fehlings, Gerd"]
[Black "Klueppel, Ralf"]
[Result "1/2-1/2"]
[WhiteElo "1730"]
[BlackElo "1735"]
[WhiteFideId "-1"]
[BlackFideId "-1"]
[PlyCount "49"]
[GameId "2315516184427512"]
[EventDate "2025.??.??"]
[EventType "team-tourn"]
[EventRounds "9"]
[EventCountry "GER"]
[SourceTitle "Verband Muensterland"]
[SourceDate "2025.09.21"]
[SourceVersion "1"]
[SourceVersionDate "2025.09.21"]
[SourceQuality "1"]
[WhiteTeam "Emsdetten Rochade"]
[BlackTeam "Borken"]
[WhiteTeamCountry "GER"]
[BlackTeamCountry "GER"]

1. d4 Nf6 2. Nf3 g6 3. c4 Bg7 4. Nc3 d5 5. cxd5 Nxd5 6. e4 Nxc3 7. bxc3 O-O 8. Be2 c5 9. O-O cxd4 10. cxd4 Bg4 11. Rb1 b6 12. Be3 Nc6 13. d5 Ne5 14. Nxe5 Bxe2 15. Qxe2 Bxe5 16. f4 Bg7 17. Rfd1 Qd7 18. Bd4 Bh6 19. g3 Rfe8 20. Ba1 Rad8 21. Kg2 Qa4 22. Rd4 Qd7 23. Rdd1 Qa4 24. Rd4 Qd7 25. Rdd1 1/2-1/2

[Event "Muensterland Regionalliga 2526"]
[Site "Germany"]
[Date "2026.05.09"]
[Round "9"]
[Board "8"]
[White "Finke, Hermann"]
[Black "Peters, Tobias"]
[Result "1/2-1/2"]
[WhiteElo "1627"]
[BlackElo "1612"]
[WhiteFideId "-1"]
[BlackFideId "-1"]
[PlyCount "110"]
[GameId "2315516184435706"]
[EventDate "2025.??.??"]
[EventType "team-tourn"]
[EventRounds "9"]
[EventCountry "GER"]
[SourceTitle "Verband Muensterland"]
[SourceDate "2025.09.21"]
[SourceVersion "1"]
[SourceVersionDate "2025.09.21"]
[SourceQuality "1"]
[WhiteTeam "Borken"]
[BlackTeam "Emsdetten Rochade"]
[WhiteTeamCountry "GER"]
[BlackTeamCountry "GER"]

1. e4 c5 2. c3 d5 3. exd5 Qxd5 4. Nf3 g6 5. d4 Bg7 6. Be2 cxd4 7. cxd4 Nf6 8. Nc3 Qa5 9. O-O O-O 10. Be3 Nc6 11. Qd2 Bg4 12. Rfd1 Rad8 13. h3 Bc8 14. a3 Nd5 15. b4 Qc7 16. Nxd5 Rxd5 17. Rac1 Qd8 18. Bc4 Rd7 19. Bb5 Rd5 20. Bxc6 bxc6 21. Rxc6 e5 22. Rc5 e4 23. Ne1 f5 24. Rxd5 Qxd5 25. g3 Qb3 26. Ra1 Be6 27. Qc2 Qd5 28. Qc5 Qd7 29. Rd1 Rc8 30. Qa5 Bb3 31. Rb1 Ba2 32. Rb2 Bf7 33. Rc2 Rxc2 34. Nxc2 h6 35. Qc5 g5 36. d5 Qxd5 37. Qxd5 Bxd5 38. Bxa7 f4 39. gxf4 gxf4 40. b5 Bf8 41. Bb8 Bb3 42. Nd4 Ba4 43. Bxf4 Bc5 44. Be3 Bxd4 45. Bxd4 Bxb5 46. Kg2 Kf7 47. Kg3 Ke6 48. Kg4 Be2+ 49. Kf4 Kd5 50. Bg7 h5 51. h4 Bf3 52. Bf8 Kc6 53. Bb4 Kb5 54. Ke5 Ka4 55. Kd4 Bh1 1/2-1/2

[Event "Muensterland Regionalliga 2526"]
[Site "Germany"]
[Date "2026.05.09"]
[Round "9"]
[Board "1"]
[White "Bruemmer, Andreas"]
[Black "Wellen, Hendrik"]
[Result "0-1"]
[WhiteElo "1953"]
[BlackElo "1995"]
[WhiteFideId "-1"]
[BlackFideId "-1"]
[PlyCount "108"]
[GameId "2315516035246754"]
[EventDate "2025.??.??"]
[EventType "team-tourn"]
[EventRounds "9"]
[EventCountry "GER"]
[SourceTitle "Verband Muensterland"]
[SourceDate "2025.09.21"]
[SourceVersion "1"]
[SourceVersionDate "2025.09.21"]
[SourceQuality "1"]
[WhiteTeam "Rheine Klein Berlin"]
[BlackTeam "Heiden"]
[WhiteTeamCountry "GER"]
[BlackTeamCountry "GER"]

1. d4 d5 2. c4 c6 3. Nf3 Nf6 4. e3 Bg4 5. h3 Bh5 6. Nc3 e6 7. g4 Bg6 8. Qb3 Qb6 9. Qxb6 axb6 10. Ne5 Nbd7 11. Nxg6 hxg6 12. cxd5 exd5 13. Bg2 Bd6 14. g5 Nh5 15. Bd2 b5 16. O-O f6 17. h4 Kf7 18. Rfe1 Nb6 19. b3 f5 20. Ne2 Ra7 21. Rec1 Nd7 22. Rc2 Raa8 23. f4 Nf8 24. Kf2 Ne6 25. Ng1 Nhxf4 26. exf4 Nxd4 27. Rcc1 Rxh4 28. Nf3 Nxf3 29. Kxf3 b4 30. Rc2 Rah8 31. Rcc1 Re8 32. Re1 Re4 33. Kg3 Rg4+ 34. Kh3 Rxe1 35. Rxe1 Bxf4 36. Bxf4 Rxf4 37. Re3 Rf2 38. Rd3 Rxa2 39. Rd4 Rc2 40. Rxb4 b5 41. Kg3 Rc3+ 42. Bf3 Ke6 43. Kf2 Ke5 44. Bd1 f4 45. Bg4 d4 46. Bd7 Kd5 47. Bxc6+ Rxc6 48. Rxb5+ Ke4 49. Rb7 Rc2+ 50. Ke1 Rg2 51. Re7+ Kd3 52. Rf7 Rxg5 53. Rxf4 Ke3 54. Rf1 Ra5 0-1

[Event "Muensterland Regionalliga 2526"]
[Site "Germany"]
[Date "2026.05.09"]
[Round "9"]
[Board "2"]
[White "Leidig, Andreas"]
[Black "Langhans, Joerg"]
[Result "0-1"]
[WhiteElo "1897"]
[BlackElo "1949"]
[WhiteFideId "-1"]
[BlackFideId "-1"]
[PlyCount "58"]
[GameId "2315516035246756"]
[EventDate "2025.??.??"]
[EventType "team-tourn"]
[EventRounds "9"]
[EventCountry "GER"]
[SourceTitle "Verband Muensterland"]
[SourceDate "2025.09.21"]
[SourceVersion "1"]
[SourceVersionDate "2025.09.21"]
[SourceQuality "1"]
[WhiteTeam "Heiden"]
[BlackTeam "Rheine Klein Berlin"]
[WhiteTeamCountry "GER"]
[BlackTeamCountry "GER"]

1. e4 e5 2. Nf3 Nf6 3. d4 Nxe4 4. Bd3 d5 5. Nxe5 Nd7 6. Nxd7 Bxd7 7. O-O Bd6 8. Nc3 Nxc3 9. bxc3 O-O 10. Qh5 f5 11. Re1 g6 12. Qf3 c6 13. c4 Qh4 14. g3 Qxd4 15. Bh6 Rfe8 16. Be3 Qg4 17. Qg2 f4 18. gxf4 Re7 19. cxd5 cxd5 20. c4 Qxg2+ 21. Kxg2 Bc6 22. Kg3 Rf8 23. Bxa7 Bxf4+ 24. Kh3 Ref7 25. Bc5 Ra8 26. a4 Bd2 27. Red1 Rf3+ 28. Kg4 Rxd3 29. Be3 Bc3 0-1

[Event "Muensterland Regionalliga 2526"]
[Site "Germany"]
[Date "2026.05.09"]
[Round "9"]
[Board "3"]
[White "Langhanke, Guenther"]
[Black "Wigger, Niklas"]
[Result "1/2-1/2"]
[WhiteElo "1868"]
[BlackElo "1858"]
[WhiteFideId "-1"]
[BlackFideId "-1"]
[PlyCount "55"]
[GameId "2315516035246758"]
[EventDate "2025.??.??"]
[EventType "team-tourn"]
[EventRounds "9"]
[EventCountry "GER"]
[SourceTitle "Verband Muensterland"]
[SourceDate "2025.09.21"]
[SourceVersion "1"]
[SourceVersionDate "2025.09.21"]
[SourceQuality "1"]
[WhiteTeam "Rheine Klein Berlin"]
[BlackTeam "Heiden"]
[WhiteTeamCountry "GER"]
[BlackTeamCountry "GER"]

1. e4 c5 2. Nc3 a6 3. g3 b5 4. Bg2 b4 5. Nb1 Bb7 6. d3 e6 7. Nf3 Nc6 8. O-O Be7 9. Nbd2 Nf6 10. Nc4 d5 11. exd5 Nxd5 12. Ne3 Nf6 13. b3 O-O 14. Bb2 Qc7 15. a4 Rfd8 16. Re1 Rac8 17. Rc1 h6 18. Qe2 Nd7 19. Ng4 h5 20. Ne3 Bf6 21. Bxf6 Nxf6 22. Nc4 g6 23. Nce5 Nd5 24. Nxc6 Bxc6 25. Ne5 Ne7 26. Nxc6 Nxc6 27. Bxc6 Qxc6 28. Qe4 1/2-1/2

[Event "Muensterland Regionalliga 2526"]
[Site "Germany"]
[Date "2026.05.09"]
[Round "9"]
[Board "4"]
[White "Wienen, Hermann"]
[Black "Ratert, Matthias"]
[Result "1/2-1/2"]
[WhiteElo "1875"]
[BlackElo "1864"]
[WhiteFideId "-1"]
[BlackFideId "-1"]
[PlyCount "29"]
[GameId "2315516035246760"]
[EventDate "2025.??.??"]
[EventType "team-tourn"]
[EventRounds "9"]
[EventCountry "GER"]
[SourceTitle "Verband Muensterland"]
[SourceDate "2025.09.21"]
[SourceVersion "1"]
[SourceVersionDate "2025.09.21"]
[SourceQuality "1"]
[WhiteTeam "Heiden"]
[BlackTeam "Rheine Klein Berlin"]
[WhiteTeamCountry "GER"]
[BlackTeamCountry "GER"]

1. e4 e5 2. Nf3 Nf6 3. Nc3 Bb4 4. a3 Bxc3 5. dxc3 d6 6. Bc4 Bg4 7. O-O Nbd7 8. h3 Bh5 9. Re1 Nc5 10. Bd3 Qd7 11. Bg5 h6 12. Bxf6 gxf6 13. Nxe5 fxe5 14. Qxh5 O-O-O 15. Bc4 1/2-1/2

[Event "Muensterland Regionalliga 2526"]
[Site "Germany"]
[Date "2026.05.09"]
[Round "9"]
[Board "5"]
[White "Van Dijk, Guido"]
[Black "Berger, Alfred"]
[Result "1/2-1/2"]
[WhiteElo "1816"]
[BlackElo "1848"]
[WhiteFideId "-1"]
[BlackFideId "-1"]
[PlyCount "27"]
[GameId "2315516035246762"]
[EventDate "2025.??.??"]
[EventType "team-tourn"]
[EventRounds "9"]
[EventCountry "GER"]
[SourceTitle "Verband Muensterland"]
[SourceDate "2025.09.21"]
[SourceVersion "1"]
[SourceVersionDate "2025.09.21"]
[SourceQuality "1"]
[WhiteTeam "Rheine Klein Berlin"]
[BlackTeam "Heiden"]
[WhiteTeamCountry "GER"]
[BlackTeamCountry "GER"]

1. e4 c5 2. c3 d5 3. exd5 Qxd5 4. d4 e6 5. Nf3 Nf6 6. Be3 cxd4 7. cxd4 Nc6 8. Be2 Bb4+ 9. Nc3 O-O 10. O-O Qd8 11. h3 b6 12. Rc1 Bb7 13. Qb3 Rc8 14. a3 1/2-1/2

[Event "Muensterland Regionalliga 2526"]
[Site "Germany"]
[Date "2026.05.09"]
[Round "9"]
[Board "6"]
[White "Niewerth, Gerd"]
[Black "Germann, Norbert"]
[Result "1/2-1/2"]
[WhiteElo "1838"]
[BlackElo "1777"]
[WhiteFideId "-1"]
[BlackFideId "-1"]
[PlyCount "45"]
[GameId "2315516035246764"]
[EventDate "2025.??.??"]
[EventType "team-tourn"]
[EventRounds "9"]
[EventCountry "GER"]
[SourceTitle "Verband Muensterland"]
[SourceDate "2025.09.21"]
[SourceVersion "1"]
[SourceVersionDate "2025.09.21"]
[SourceQuality "1"]
[WhiteTeam "Heiden"]
[BlackTeam "Rheine Klein Berlin"]
[WhiteTeamCountry "GER"]
[BlackTeamCountry "GER"]

1. e4 c5 2. Nf3 e6 3. d4 cxd4 4. Nxd4 Nf6 5. Nc3 d6 6. Bc4 Nc6 7. Be3 Be7 8. Bb3 a6 9. O-O O-O 10. Qe2 Qc7 11. a4 Bd7 12. Rad1 Rab8 13. Kh1 Nxd4 14. Bxd4 b5 15. axb5 axb5 16. Qf3 Bc6 17. Bxf6 Bxf6 18. Rfe1 b4 19. Ne2 Bxb2 20. Nd4 Ba8 21. Qg4 Qc5 22. Nf3 Bc3 23. Re3 1/2-1/2

[Event "Muensterland Regionalliga 2526"]
[Site "Germany"]
[Date "2026.05.09"]
[Round "9"]
[Board "7"]
[White "Hemmert, Michael"]
[Black "Meis, Jonas"]
[Result "1-0"]
[WhiteElo "1751"]
[BlackElo "1754"]
[WhiteFideId "-1"]
[BlackFideId "-1"]
[PlyCount "81"]
[GameId "2315516035246766"]
[EventDate "2025.??.??"]
[EventType "team-tourn"]
[EventRounds "9"]
[EventCountry "GER"]
[SourceTitle "Verband Muensterland"]
[SourceDate "2025.09.21"]
[SourceVersion "1"]
[SourceVersionDate "2025.09.21"]
[SourceQuality "1"]
[WhiteTeam "Rheine Klein Berlin"]
[BlackTeam "Heiden"]
[WhiteTeamCountry "GER"]
[BlackTeamCountry "GER"]

1. d4 Nf6 2. Nf3 e6 3. c4 b6 4. Nc3 Bb7 5. Bg5 Bb4 6. a3 Bxc3+ 7. bxc3 d6 8. e3 h6 9. Bh4 Nbd7 10. Nd2 O-O 11. f3 Re8 12. Bd3 e5 13. d5 c6 14. Ne4 Qe7 15. dxc6 Bxc6 16. Nxd6 Red8 17. Nf5 Qe6 18. Qe2 Nc5 19. Bc2 Na4 20. Bxa4 Bxa4 21. e4 Rac8 22. Bxf6 Qxf6 23. Rb1 Rd7 24. Ne3 Qc6 25. O-O Rcd8 26. Rf2 Rd3 27. g3 Qc5 28. Nd5 Qxc4 29. Rb4 Rd1+ 30. Kg2 Qxe2 31. Rxe2 Be8 32. f4 exf4 33. gxf4 Kh8 34. Rd4 Ra1 35. Nc7 Rc8 36. Nxe8 Rxe8 37. a4 Ra3 38. Rc4 Rd8 39. Kf3 Rd3+ 40. Re3 Ra2 41. Rxd3 1-0

[Event "Muensterland Regionalliga 2526"]
[Site "Germany"]
[Date "2026.05.09"]
[Round "9"]
[Board "8"]
[White "Dolle, Stefan"]
[Black "Winter, Reinhold"]
[Result "1/2-1/2"]
[WhiteElo "1767"]
[BlackElo "1549"]
[WhiteFideId "-1"]
[BlackFideId "-1"]
[PlyCount "107"]
[GameId "2315516035246768"]
[EventDate "2025.??.??"]
[EventType "team-tourn"]
[EventRounds "9"]
[EventCountry "GER"]
[SourceTitle "Verband Muensterland"]
[SourceDate "2025.09.21"]
[SourceVersion "1"]
[SourceVersionDate "2025.09.21"]
[SourceQuality "1"]
[WhiteTeam "Heiden"]
[BlackTeam "Rheine Klein Berlin"]
[WhiteTeamCountry "GER"]
[BlackTeamCountry "GER"]

1. d4 Nf6 2. c4 e6 3. Nc3 d5 4. Bg5 c6 5. e3 Be7 6. Nf3 Nbd7 7. Rc1 Nh5 8. Bxe7 Qxe7 9. a3 a5 10. Bd3 g6 11. O-O O-O 12. Qc2 f5 13. Rfe1 Qf6 14. b4 axb4 15. axb4 Nb6 16. c5 Nd7 17. b5 e5 18. dxe5 Nxe5 19. Nxe5 Qxe5 20. Ne2 Bd7 21. b6 Ra5 22. Qc3 Qxc3 23. Rxc3 Rfa8 24. Nd4 Nf6 25. f3 Kf7 26. Kf2 Ra2+ 27. Re2 h5 28. h4 Rxe2+ 29. Kxe2 Ra2+ 30. Rc2 Rxc2+ 31. Bxc2 Bc8 32. Kd3 Nd7 33. Nb3 Kf6 34. Kd4 Ne5 35. Nd2 Nf7 36. e4 fxe4 37. fxe4 Be6 38. Bb3 dxe4 39. Nxe4+ Ke7 40. Bxe6 Kxe6 41. g3 Nd8 42. Nd6 Kf6 43. Ke4 Ke6 44. Kd4 Kf6 45. Ke4 Ke6 46. Nc4 Kf6 47. Ne5 Ne6 48. Nd3 g5 49. hxg5+ Nxg5+ 50. Kf4 Ne6+ 51. Ke4 Ng5+ 52. Kf4 Ne6+ 53. Ke4 Ng5+ 54. Kf4 1/2-1/2

[Event "Muensterland Regionalliga 2526"]
[Site "Germany"]
[Date "2026.05.09"]
[Round "9"]
[Board "1"]
[White "Kamphuis, Jasper"]
[Black "Rieke, Theo"]
[Result "1-0"]
[WhiteElo "2102"]
[BlackElo "1955"]
[WhiteFideId "-1"]
[BlackFideId "-1"]
[PlyCount "29"]
[GameId "2315516133170002"]
[EventDate "2025.??.??"]
[EventType "team-tourn"]
[EventRounds "9"]
[EventCountry "GER"]
[SourceTitle "Verband Muensterland"]
[SourceDate "2025.09.21"]
[SourceVersion "1"]
[SourceVersionDate "2025.09.21"]
[SourceQuality "1"]
[WhiteTeam "Gronau"]
[BlackTeam "Steinfurt"]
[WhiteTeamCountry "GER"]
[BlackTeamCountry "GER"]

1. e4 e5 2. Nf3 Nc6 3. Bc4 Bc5 4. b4 Bxb4 5. c3 Ba5 6. d4 d6 7. Qb3 Qd7 8. O-O Nf6 9. dxe5 Nxe4 10. Re1 d5 11. Bxd5 Nc5 12. Qc4 Bb6 13. Ng5 Nd8 14. Nxf7 Nxf7 15. e6 1-0

[Event "Muensterland Regionalliga 2526"]
[Site "Germany"]
[Date "2026.05.09"]
[Round "9"]
[Board "2"]
[White "Arning, Marcus"]
[Black "Reckzuegel, Philipp"]
[Result "1/2-1/2"]
[WhiteElo "1921"]
[BlackElo "1998"]
[WhiteFideId "-1"]
[BlackFideId "-1"]
[PlyCount "154"]
[GameId "2315516133169996"]
[EventDate "2025.??.??"]
[EventType "team-tourn"]
[EventRounds "9"]
[EventCountry "GER"]
[SourceTitle "Verband Muensterland"]
[SourceDate "2025.09.21"]
[SourceVersion "1"]
[SourceVersionDate "2025.09.21"]
[SourceQuality "1"]
[WhiteTeam "Steinfurt"]
[BlackTeam "Gronau"]
[WhiteTeamCountry "GER"]
[BlackTeamCountry "GER"]

1. d4 Nf6 2. Nc3 d5 3. Bf4 c6 4. e3 Bf5 5. f3 h6 6. g4 Bh7 7. Bd3 e6 8. Bxh7 Nxh7 9. Qd3 Bd6 10. O-O-O Bxf4 11. exf4 Nd7 12. h4 Qc7 13. Nge2 O-O-O 14. Qe3 Rhe8 15. Rhe1 Nhf8 16. h5 Nb6 17. Qe5 f6 18. Qxc7+ Kxc7 19. Ng3 Nc4 20. b3 Nd6 21. Re2 b5 22. Kb2 a5 23. Rg2 Nd7 24. Nge2 Nb6 25. Rdg1 b4 26. Nd1 e5 27. fxe5 fxe5 28. dxe5 Rxe5 29. f4 Re4 30. g5 hxg5 31. fxg5 Rh4 32. Ng3 Rh8 33. Ne3 a4 34. Nef5 a3+ 35. Kc1 Nxf5 36. Nxf5 R4xh5 37. Nxg7 Rh1 38. Nf5 R8h2 39. Rg4 Nd7 40. Nd4 Ne5 41. R4g3 Ng6 42. Nf3 Rxg1+ 43. Rxg1 Rf2 44. Ne1 Rf4 45. Nd3 Rh4 46. Rf1 Rg4 47. Rf7+ Kb6 48. Rf6 Rxg5 49. Nxb4 Ne7 50. Re6 Rg7 51. Kd2 Kb5 52. c3 d4 53. Re5+ c5 54. Nc2 Rg2+ 55. Re2 dxc3+ 56. Kd3 Rg3+ 57. Re3 Rxe3+ 58. Nxe3 Nc6 59. Kxc3 Nb4 60. Nc2 Nxa2+ 61. Kd2 Ka5 62. Nxa3 Kb4 63. Nb1 Kxb3 64. Kd3 Nb4+ 65. Kd2 Nd5 66. Kc1 Kb4 67. Nd2 Ne3 68. Ne4 c4 69. Kd2 Nd5 70. Kc2 Ne3+ 71. Kd2 Nf5 72. Kc2 Nd4+ 73. Kb2 Nb3 74. Kc2 Nc5 75. Nd2 c3 76. Nb1 Ne4 77. Nxc3 Nxc3 1/2-1/2

[Event "Muensterland Regionalliga 2526"]
[Site "Germany"]
[Date "2026.05.09"]
[Round "9"]
[Board "4"]
[White "Bahceci, Caner"]
[Black "Luetkehermoelle, Martin"]
[Result "1/2-1/2"]
[WhiteElo "1831"]
[BlackElo "1927"]
[WhiteFideId "-1"]
[BlackFideId "-1"]
[PlyCount "92"]
[GameId "2315516133170000"]
[EventDate "2025.??.??"]
[EventType "team-tourn"]
[EventRounds "9"]
[EventCountry "GER"]
[SourceTitle "Verband Muensterland"]
[SourceDate "2025.09.21"]
[SourceVersion "1"]
[SourceVersionDate "2025.09.21"]
[SourceQuality "1"]
[WhiteTeam "Steinfurt"]
[BlackTeam "Gronau"]
[WhiteTeamCountry "GER"]
[BlackTeamCountry "GER"]

1. e4 c5 2. d4 cxd4 3. c3 d5 4. exd5 Qxd5 5. cxd4 Nc6 6. Nf3 e6 7. a3 Nf6 8. Nc3 Qd8 9. Bc4 Be7 10. O-O O-O 11. b4 a6 12. Bb2 b5 13. Bb3 Bb7 14. Rc1 Rc8 15. Qe2 Bd6 16. Rfd1 Ne7 17. Ne5 Ned5 18. Nxd5 Nxd5 19. Nd3 Nf4 20. Nxf4 Bxf4 21. Rxc8 Qxc8 22. Qg4 Bh6 23. Rd3 Qd8 24. d5 Bxd5 25. Bxd5 exd5 26. Qd4 Qe7 27. Re3 Qd7 28. g4 f6 29. Rg3 g6 30. Rd3 Rd8 31. Qxf6 Bg7 32. Qxg7+ Qxg7 33. Bxg7 Kxg7 34. g5 Kf7 35. Rf3+ Ke6 36. Rf6+ Ke5 37. Rxa6 d4 38. Kf1 Kd5 39. Ke2 Re8+ 40. Kd3 Rc8 41. Ra7 Rc3+ 42. Kd2 Rh3 43. Rc7 Rxa3 44. Rxh7 Ra2+ 45. Kd3 Ra3+ 46. Ke2 Ra2+ 1/2-1/2

[Event "Muensterland Regionalliga 2526"]
[Site "Germany"]
[Date "2026.05.09"]
[Round "9"]
[Board "5"]
[White "Langendijk, Andre"]
[Black "Plotz, Noah"]
[Result "0-1"]
[WhiteElo "1859"]
[BlackElo "1861"]
[WhiteFideId "-1"]
[BlackFideId "-1"]
[PlyCount "84"]
[GameId "2315516133170006"]
[EventDate "2025.??.??"]
[EventType "team-tourn"]
[EventRounds "9"]
[EventCountry "GER"]
[SourceTitle "Verband Muensterland"]
[SourceDate "2025.09.21"]
[SourceVersion "1"]
[SourceVersionDate "2025.09.21"]
[SourceQuality "1"]
[WhiteTeam "Gronau"]
[BlackTeam "Steinfurt"]
[WhiteTeamCountry "GER"]
[BlackTeamCountry "GER"]

1. c4 e5 2. Nc3 Nf6 3. g3 c6 4. d4 e4 5. d5 cxd5 6. cxd5 Bb4 7. Bg5 h6 8. Bxf6 Qxf6 9. Qb3 a5 10. a3 Bxc3+ 11. Qxc3 Qxc3+ 12. bxc3 Na6 13. h4 O-O 14. Nh3 Nc5 15. Nf4 Re8 16. e3 d6 17. Rb1 Bg4 18. Be2 Bxe2 19. Kxe2 Ra6 20. c4 Rc8 21. Rhc1 a4 22. Rb4 g5 23. hxg5 hxg5 24. Nh3 Nd3 25. Rcb1 Nxb4 26. Rxb4 f6 27. f4 exf3+ 28. Kxf3 Rc7 29. Nf2 Kf7 30. Ne4 Kg6 31. Nc3 Rh7 32. Nxa4 f5 33. c5 Kf6 34. cxd6 Rxd6 35. Nc3 g4+ 36. Kg2 Rc7 37. Rb3 Ke5 38. a4 Rh7 39. Rb5 Rc7 40. Rb3 Rh6 41. d6 Rxd6 42. Rb5+ Ke6 0-1

[Event "Muensterland Regionalliga 2526"]
[Site "Germany"]
[Date "2026.05.09"]
[Round "9"]
[Board "6"]
[White "Janning, Rainer"]
[Black "Rothkegel, Juergen"]
[Result "1-0"]
[WhiteElo "1826"]
[BlackElo "1880"]
[WhiteFideId "-1"]
[BlackFideId "-1"]
[PlyCount "125"]
[GameId "2315516133169998"]
[EventDate "2025.??.??"]
[EventType "team-tourn"]
[EventRounds "9"]
[EventCountry "GER"]
[SourceTitle "Verband Muensterland"]
[SourceDate "2025.09.21"]
[SourceVersion "1"]
[SourceVersionDate "2025.09.21"]
[SourceQuality "1"]
[WhiteTeam "Steinfurt"]
[BlackTeam "Gronau"]
[WhiteTeamCountry "GER"]
[BlackTeamCountry "GER"]

1. d4 Nf6 2. Bf4 d6 3. e3 g6 4. Bd3 Bg7 5. c3 O-O 6. Nf3 b6 7. Nbd2 Bb7 8. Qc2 Nbd7 9. h4 Nh5 10. Bh2 Ndf6 11. Rg1 Ng4 12. Be2 Nhf6 13. Bg3 Qd7 14. Nh2 c5 15. O-O-O cxd4 16. exd4 b5 17. Qd3 b4 18. Nxg4 Nxg4 19. c4 Nf6 20. Kb1 a5 21. f3 Qf5 22. Qxf5 gxf5 23. d5 Nh5 24. Bh2 Bd4 25. Rgf1 f4 26. Ne4 Be5 27. g4 fxg3 28. Bxg3 Nxg3 29. Nxg3 Kh8 30. Ne4 h6 31. f4 Bg7 32. Ng3 Bc8 33. Nh5 Bf5+ 34. Kc1 Rg8 35. Rg1 Bf6 36. Nxf6 exf6 37. Kd2 Rxg1 38. Rxg1 Rg8 39. Rxg8+ Kxg8 40. Bd3 Bg4 41. Ke3 Kf8 42. Kd4 Ke7 43. c5 Kd7 44. a3 bxa3 45. bxa3 Kc7 46. Bb5 Bf3 47. Be8 Bh5 48. Bb5 Bf3 49. Bd3 Bh5 50. c6 Bf3 51. Be4 Be2 52. Ke3 Bd1 53. Bf3 Bb3 54. f5 Bc4 55. Kd4 Bb3 56. Bh5 Bc2 57. Bxf7 Bxf5 58. Ke3 Bh3 59. Kf4 Kd8 60. Bg6 Bc8 61. Bf5 Ba6 62. Ke4 Bc4 63. Be6 1-0

[Event "Muensterland Regionalliga 2526"]
[Site "Germany"]
[Date "2026.05.09"]
[Round "9"]
[Board "7"]
[White "Storck, Martin"]
[Black "Thomas, Wolfgang1"]
[Result "1/2-1/2"]
[WhiteElo "1846"]
[BlackElo "1729"]
[WhiteFideId "-1"]
[BlackFideId "-1"]
[PlyCount "28"]
[GameId "2315516133170010"]
[EventDate "2025.??.??"]
[EventType "team-tourn"]
[EventRounds "9"]
[EventCountry "GER"]
[SourceTitle "Verband Muensterland"]
[SourceDate "2025.09.21"]
[SourceVersion "1"]
[SourceVersionDate "2025.09.21"]
[SourceQuality "1"]
[WhiteTeam "Gronau"]
[BlackTeam "Steinfurt"]
[WhiteTeamCountry "GER"]
[BlackTeamCountry "GER"]

1. c4 e5 2. Nc3 Nf6 3. Nf3 Nc6 4. d4 exd4 5. Nxd4 Nxd4 6. Qxd4 Be7 7. g3 O-O 8. Bg2 d6 9. O-O c6 10. b3 Bf5 11. Bb2 Qc7 12. e4 Be6 13. Rac1 Rfd8 14. h3 Ne8 1/2-1/2